Learning maps and memory skills : powerful techniques to help you make better use of your brain (Record no. 62289)
[ view plain ]
| 000 -LEADER | |
|---|---|
| fixed length control field | 00739nam a22002057a 4500 |
| 003 - CONTROL NUMBER IDENTIFIER | |
| control field | NUST-PNEC |
| 005 - DATE AND TIME OF LATEST TRANSACTION | |
| control field | 20170116180743.0 |
| 008 - FIXED-LENGTH DATA ELEMENTS--GENERAL INFORMATION | |
| fixed length control field | 150112b xxu||||| |||| 00| 0 eng d |
| 020 ## - INTERNATIONAL STANDARD BOOK NUMBER | |
| International Standard Book Number | 0749424559 |
| 040 ## - CATALOGING SOURCE | |
| Transcribing agency | PNEC |
| 082 ## - DEWEY DECIMAL CLASSIFICATION NUMBER | |
| Classification number | 153.14 SVA |
| 100 ## - MAIN ENTRY--PERSONAL NAME | |
| 9 (RLIN) | 1205 |
| Personal name | Svantesson Ingemar |
| 245 ## - TITLE STATEMENT | |
| Title | Learning maps and memory skills : powerful techniques to help you make better use of your brain |
| Statement of responsibility, etc. | Ingemar Svantesson |
| 250 ## - EDITION STATEMENT | |
| Edition statement | 2nd ed. |
| 260 ## - PUBLICATION, DISTRIBUTION, ETC. | |
| Place of publication, distribution, etc. | London : |
| Name of publisher, distributor, etc. | Kogan Page, |
| Date of publication, distribution, etc. | c1998 |
| 300 ## - PHYSICAL DESCRIPTION | |
| Extent | ix, 99 pages : |
| Other physical details | illustrations ; |
| Dimensions | 22 cm |
| 650 ## - SUBJECT ADDED ENTRY--TOPICAL TERM | |
| General subdivision | General |
| 856 ## - ELECTRONIC LOCATION AND ACCESS | |
| Uniform Resource Identifier | <a href="http://www.amazon.com/Learning-Maps-Memory-Skills-Techniques/dp/0749424559/ref=sr_1_1?s=books&ie=UTF8&qid=1421050215&sr=1-1&keywords=0749424559">http://www.amazon.com/Learning-Maps-Memory-Skills-Techniques/dp/0749424559/ref=sr_1_1?s=books&ie=UTF8&qid=1421050215&sr=1-1&keywords=0749424559</a> |
| 942 ## - ADDED ENTRY ELEMENTS (KOHA) | |
| Source of classification or shelving scheme | |
| Koha item type | Book |
| Withdrawn status | Lost status | Source of classification or shelving scheme | Damaged status | Not for loan | Permanent Location | Current Location | Shelving location | Date acquired | Source of acquisition | Cost, normal purchase price | Total Checkouts | Full call number | Barcode | Date last seen | Date last checked out | Cost, replacement price | Price effective from | Koha item type |
|---|---|---|---|---|---|---|---|---|---|---|---|---|---|---|---|---|---|---|
| Pakistan Navy Engineering College (PNEC) | Pakistan Navy Engineering College (PNEC) | 03/26/2005 | NUST Recurring A/c | 1130.00 | 1 | 153.14 SVA | PNECLIB-026973 | 12/07/2016 | 11/09/2016 | 1130.00 | 03/26/2005 | Book |
